000 02229cam a22002294a 4500
005 20250605163946.0
008 250528s ||||||||||||||||||||||||d
035 _a15217
020 _a30716934
040 _aGR-AtMCL
_bgre
_dGR-AtMCL
_eAACR2
245 1 _aFinancial Management / Theory and Practice: Fourth Edition
250 _a4th
260 _bThe Dryden Press,
_c1985
300 _a1130
505 0 _aIntroduction, An Overview of Financial Management, Business Organizations and Financial Statements and Taxes, Financial Markets and Institutions and Interest Rates, Valuation and the Cost of Capital, Time Value of Money, Bond and Stock Valuation Models, Risk and Rates of Return, The Cost of Capital, Capital Budgeting, The Basics of Capital Budgeting, Risk Analysis and the Optimal Capital Budget, Capital Structure and Divident Policy, Capital Structure Theory, Capital Structure Policy, Dividend Policy, Types of Long-Term Capital, Lease Financing, Working Capital Management, Inventory Management, Financial Analysis and Planning, Financial Statement Analysis, Financial Planning and Control, Special Topics in Financial Management, Bankruptcy and Reorganization, Multinational Finance, Pension Plan Management, Appendices, Index.
520 _aIntroduction, An Overview of Financial Management, Business Organizations and Financial Statements and Taxes, Financial Markets and Institutions and Interest Rates, Valuation and the Cost of Capital, Time Value of Money, Bond and Stock Valuation Models, Risk and Rates of Return, The Cost of Capital, Capital Budgeting, The Basics of Capital Budgeting, Risk Analysis and the Optimal Capital Budget, Capital Structure and Divident Policy, Capital Structure Theory, Capital Structure Policy, Dividend Policy, Types of Long-Term Capital, Lease Financing, Working Capital Management, Inventory Management, Financial Analysis and Planning, Financial Statement Analysis, Financial Planning and Control, Special Topics in Financial Management, Bankruptcy and Reorganization, Multinational Finance, Pension Plan Management, Appendices, Index.
700 1 _aBrigham Eugene F
_91101
700 1 _aGapenski Louis C
_91102
942 _cBK
999 _c811
_d811